000 00408nam a22001817a 4500
003 OSt
008 220616b ||||| |||| 00| 0 eng d
020 _a9788184042726
082 _a005.4469 DAR
100 _aDALHEIMER, Matthias Kalle
245 _a Running Linux
250 _a5th
260 _aBeijing
_bO'Reilly
_c2015
300 _a951
650 _aCSE
700 _aWELSH, Matt
942 _2ddc
_cBK
999 _c11401
_d11401